00634nam a2200229 a 4500001001300000003000900013005001700022008004100039020001000080082001500090100002300105245002000128260004100148300000900189500003500198650002300233700002300256902000800279942000700287952009500294999001500389nice12345678IN_TiNIC20260116011758.0050524s1911 luca grp 000 0 per  ac10000a297.4bJAM aJami, Abdur Rahman aBariatan-I-Jami aLucknowbGulzar-E-syedi Press c1911 a212p aincludes index and biblioraphy aSufism-Jami-Poetry1 aJami, Abdur Rahman bRBA cBK 00104070aHMIbHMId2007-09-12g100.00l0o297.4 JAMp06374r2007-09-12w2026-01-16yEB c3898d3898